Viveros de vides americanas : divulgación agrícola divulgación agrícola
Descripción Física:
38 p. : il. ; 22 cm
Materias:
Viticultura
MARC
| LEADER | 00000nam a2200000Ia 4500 | ||
|---|---|---|---|
| 001 | 8658 | ||
| 008 | 160829s1943 xx 000 0 cat d | ||
| 080 | |a FU-9-4 | ||
| 245 | |a Viveros de vides americanas : |b divulgación agrícola | ||
| 260 | |a Barcelona : |b Diputación Provincial de Barcelona, Servicios Técnicos de Agricultura, |c 1943 | ||
| 300 | |a 38 p. : |b il. ; |c 22 cm | ||
| 490 | |a Publicaciones divulgadoras de los Servicios Técnicos de Agricultura ; 8 | ||
| 590 | |a Hi ha un duplicat: R. 9338, DUP-21-39 | ||
| 650 | 0 | |a Viticultura |9 20101 | |
| 710 | 1 | |a Barcelona (Catalunya : Província). |b Servicios Técnicos de Agricultura |9 54614 | |
| 856 | 4 | |u https://media.diba.cat/diba/fitxers/arxiu/fulletons/bib_8658_baixa.pdf |y Accés lliure | |
| 856 | 4 | |u https://media.diba.cat/diba/fitxers/arxiu/fulletons/bib_8658_baixa.pdf |y Accés lliure | |
| 901 | |a Arxiu | ||
| 942 | |n 1 |2 udc | ||
| 952 | |0 0 |1 0 |4 0 |6 FU94 |7 1 |9 41989 |a Arxiu |b Arxiu |d 2016-12-01 |l 0 |o FU-9-4 |p 8658 |r 2016-12-01 00:00:00 |w 2016-12-01 |y ARXIU | ||
| 999 | |c 44436 |d 44436 | ||
| 900 | |a bib_8658_baixa.pdf | ||